Econometría (Registro nro. 3832)
[ vista simple ]
| 000 -LEADER | |
|---|---|
| fixed length control field | 01880 a2200265 4500 |
| 001 - CONTROL NUMBER | |
| control field | 44883 |
| 005 - DATE AND TIME OF LATEST TRANSACTION | |
| control field | 20260407155723.0 |
| 008 - FIXED-LENGTH DATA ELEMENTS--GENERAL INFORMATION | |
| fixed length control field | 260407a1985 arg spa d |
| 003 - CONTROL NUMBER IDENTIFIER | |
| control field | AR-UNSa-BCEJYS |
| 040 ## - CATALOGING SOURCE | |
| Original cataloging agency | AR-UNSa-BCEJYS |
| Language of cataloging | spa |
| Transcribing agency | AR-UNSa-BCEJYS |
| 080 ## - UNIVERSAL DECIMAL CLASSIFICATION NUMBER | |
| Universal Decimal Classification number | 330.43 |
| Common auxiliary subdivision | Econometría |
| 020 ## - INTERNATIONAL STANDARD BOOK NUMBER | |
| International Standard Book Number | 968-451-675-4 |
| 041 ## - LANGUAGE CODE | |
| Language code of text/sound track or separate title | spa |
| 100 1# - MAIN ENTRY--PERSONAL NAME | |
| Personal name | Contreras Garcia, Javier |
| 245 10 - TITLE STATEMENT | |
| Title | Econometría |
| 264 #1 - PRODUCTION, PUBLICATION, DISTRIBUTION, MANUFACTURE, AND COPYRIGHT NOTICE | |
| Place of production, publication, distribution, manufacture | México : |
| Name of producer, publisher, distributor, manufacturer | McGraw-Hill |
| Date of production, publication, distribution, manufacture, or copyright notice | 1985 |
| 300 ## - PHYSICAL DESCRIPTION | |
| Extent | xii, 546 p. |
| Dimensions | 23 cm. |
| 505 ## - FORMATTED CONTENTS NOTE | |
| Formatted contents note | Parte I: Introducción: 1. Datos, variables y modelos – Parte II: Introducción a la probabilidad y la inferencia estadística: 2. Probabilidad – 3. Variables aleatorias y distribuciones de probabilidad – 4. Inferencia estadística clásica – 5. Inferencia bayesiana y teoría de la decisión – Parte III: Introducción a los métodos econométricos: 6. Medidas descriptivas – 7. Regresión lineal simple – 8. Regresión múltiple – 9. Variables ficticias, variables retardadas y no linealidades en la regresión múltiple – 10. Algunos temas adicionales en la regresión múltiple – 11. Introducción a los modelos de ecuaciones simultáneas – Parte IV: Tratamiento adicional de temas seleccionados: 12. Heterocedasticidad y autocorrelación – 13. Errores en variables y perturbaciones no normales – 14. Análisis de la covarianza y combinación de datos de sección cruzada y series temporales – 15. Tendencia, variación estacional y predicción – 16. Modelos de retardos distribuidos – 17. Modelos de parámetros cambiantes – 18. Métodos bayesianos en econometría - |
| 590 ## - LOCAL NOTE (RLIN) | |
| Local note | niveau_biblio:m niveau_hierar:0 |
| 700 1# - ADDED ENTRY--PERSONAL NAME | |
| Personal name | Maddala, G.S. |
| 700 1# - ADDED ENTRY--PERSONAL NAME | |
| Personal name | Lozano López, Vicente |
| 700 1# - ADDED ENTRY--PERSONAL NAME | |
| Personal name | Garcia Ferrer, Antonio |
| 856 41 - ELECTRONIC LOCATION AND ACCESS | |
| Uniform Resource Identifier | <a href="https://www.biblioeco.unsa.edu.ar/pmb/images/libros/L127014.jpg">https://www.biblioeco.unsa.edu.ar/pmb/images/libros/L127014.jpg</a> |
| Link text | Imagen de portada |
| Electronic format type | image/jpeg |
| 942 ## - ADDED ENTRY ELEMENTS (KOHA) | |
| Koha item type | |
| Withdrawn status | Lost status | Damaged status | Not for loan | Home library | Current library | Shelving location | Date acquired | Total checkouts | Full call number | Barcode | Date last seen | Price effective from | Koha item type |
|---|---|---|---|---|---|---|---|---|---|---|---|---|---|
| Biblioteca Prof. Eusebio Cleto del Rey | Biblioteca Prof. Eusebio Cleto del Rey | 07/04/2026 | 330.43 M179e | L127014 | 07/04/2026 | 07/04/2026 | Libro |